|
|
|
|
| LEADER |
01861nam a22003732a 4500 |
| 001 |
000213183 |
| 003 |
CZ BrMZK |
| 005 |
20140721110858.0 |
| 007 |
ta |
| 008 |
970107s1977 xr af f cze d |
| 015 |
|
|
|a cnb000160733
|
| 035 |
|
|
|a (OCoLC)4462974
|
| 040 |
|
|
|a ABA001
|b cze
|c CBA001
|d ABA001
|
| 041 |
1 |
|
|a cze
|h rus
|
| 080 |
9 |
|
|a 779:908.470.23-21
|
| 100 |
1 |
|
|a Stehlíková, Blanka,
|d 1933-
|7 jk01121022
|4 aut
|
| 245 |
1 |
0 |
|a Leningrad /
|c Blanka Stehlíková ; fot.: [kol.]
|
| 250 |
|
|
|a 1. vyd.
|
| 260 |
|
|
|a Praha :
|b Odeon,
|c 1977
|
| 300 |
|
|
|a 237, [3] s. :
|b [52] s. barev. fot. příl. [1] mp. ;
|c 4°
|
| 500 |
|
|
|a 8000 výt.
|
| 500 |
|
|
|a Obsahuje též výňatky z lit. přeložené z ruš.
|
| 500 |
|
|
|a Jmenný a místní rejstřík
|
| 500 |
|
|
|a Chronologická tb.
|
| 500 |
|
|
|a S obr., fot. a pl. v textu
|
| 500 |
|
|
|a Fot. na frontispice a předsádkách
|
| 520 |
2 |
|
|a Výklad o uměleckých památkách i současné podobě bývalého pevnostního, přístavního a sídelního města doplňují plány, fotografie, dobová vyobrazení a úryvky z děl ruských a sovětských autorů čerpajících z leningradskéhoprostředí. Autorka vypráví o vzniku a vývoji města, připomíná architekty, kteří vytvářeli jeho podobu, popisuje významné objekty a seznamuje s jejich dnešním využitím.
|
| 856 |
4 |
1 |
|u http://www.digitalniknihovna.cz/mzk/uuid/uuid:22284fb0-115f-11e4-8e0d-005056827e51
|y Digitalizovaný dokument
|x NDK
|
| 910 |
|
|
|a BOA001
|b PK-N-0019.163
|b 3-0782.549
|
| 990 |
|
|
|a BK
|
| 995 |
|
|
|a 01
|
| 996 |
6 |
|
|b 2619114320
|c 3-0782.549
|l MZK
|r Sklad / do 1 hodiny
|n 0
|w 000213183
|u 000030
|a 1
|e BOA001
|j MZK50
|s P
|
| 996 |
7 |
|
|b 2619114321
|c 3-0782.549
|l MZK
|r Sklad / do 1 hodiny
|n 0
|w 000213183
|u 000020
|a 1
|e BOA001
|j MZK50
|s A
|
| 996 |
6 |
|
|b 3119902230
|c PK-N-0019.163
|l MZK
|r Sklad / do 1 hodiny
|n 5
|w 000213183
|u 000010
|a 1
|e BOA001
|j MZK50
|s P
|